|
|
|
|
| LEADER |
01463nab a2200409 i 4500 |
| 001 |
publ38378 |
| 005 |
20251126083659.0 |
| 008 |
251126s2025 hu o 000 eng d |
| 022 |
|
|
|a 0748-7983
|
| 024 |
7 |
|
|a 10.1016/j.ejso.2025.110099
|2 doi
|
| 024 |
7 |
|
|a 36111523
|2 mtmt
|
| 040 |
|
|
|a SZTE Publicatio Repozitórium
|b hun
|
| 041 |
|
|
|a eng
|
| 100 |
1 |
|
|a Quaglino Pietro
|
| 245 |
1 |
0 |
|a Electrochemotherapy for cutaneous Kaposi Sarcoma
|h [elektronikus dokumentum] :
|b a European register-based cohort study from the International Network for Sharing Practices of electrochemotherapy (InspECT) /
|c Quaglino Pietro
|
| 260 |
|
|
|c 2025
|
| 300 |
|
|
|a 7
|
| 490 |
0 |
|
|a EUROPEAN JOURNAL OF SURGICAL ONCOLOGY
|v 51 No. 8
|
| 650 |
|
4 |
|a Klinikai orvostan
|
| 700 |
0 |
1 |
|a Brizio Matteo
|e aut
|
| 700 |
0 |
1 |
|a Bertino Giulia
|e aut
|
| 700 |
0 |
1 |
|a Kis Erika
|e aut
|
| 700 |
0 |
1 |
|a Mascherini Matteo
|e aut
|
| 700 |
0 |
1 |
|a Battista Michela
|e aut
|
| 700 |
0 |
1 |
|a Kunte Christian
|e aut
|
| 700 |
0 |
1 |
|a Mowatt David
|e aut
|
| 700 |
0 |
1 |
|a Russano Francesco
|e aut
|
| 700 |
0 |
1 |
|a Giorgione Roberto
|e aut
|
| 700 |
0 |
1 |
|a Clover A.James P.
|e aut
|
| 700 |
0 |
1 |
|a Minuti Marta
|e aut
|
| 700 |
0 |
1 |
|a Schepler Hadrian
|e aut
|
| 700 |
0 |
1 |
|a Fabrizio Tommaso
|e aut
|
| 700 |
0 |
1 |
|a Tauceri Francesca
|e aut
|
| 700 |
0 |
1 |
|a Bonadies Antonio
|e aut
|
| 700 |
0 |
1 |
|a Sersa Gregor
|e aut
|
| 700 |
0 |
1 |
|a Odili Joy
|e aut
|
| 856 |
4 |
0 |
|u http://publicatio.bibl.u-szeged.hu/38378/1/QuaglinoP.Electrochemotherapy_szc_2025_EJSO.pdf
|z Dokumentum-elérés
|